000 00648nam a2200205 i 4500
001 14281
003 ES-MaACL
005 20230906150750.0
007 t|
008 981130s1989 xxu ||||1| eng d
020 _a0-674-36270-5
080 _a613.885(38)
100 1 _aDover, K. J.
_945524
245 1 0 _aGreek homosexuality
_b: updated and with a new postcript /
_cK.J. Dover.
260 _aCambridge, Massachusetts :
_bHarvard University Press,
_c[1989]
300 _aX, 245 p., [56] p. de lám. ;
_c23 cm.
504 _aBibliografía : p. [228]-234.
650 4 _aHomosexualidad-
_zGrecia.
_913471
852 _aES-MaACL
_jL-21521
_bR.118596
999 _c14281
_d14281